1122 1369 1943 1133 1435 1415 1649 1303 1080 1512 1584 1541 1291 1229 1110 1711 1774 1325 1808 1495 1049 1548 1883 1897 1023 1332 1012 1412 1925 1700 1564 1268 1491 1054 1050 1542 1460 1797 1941 1306 1101 1571 1511 1417 1625 1471 1527 1527 1331 1317 1130 1481 1950 1935 1972 1854 1878 1186 1408 1825 1720 1222 1034 1265 1331 1747 1441 1052 1506 1280 1227 1550 1559 1493 1339 1000 1613 1305 1973 1012 1152 1766 1988 1983 1805 1971 1396 1136 1256 1923 1948 1653 1147 1206 1529 1424 1979 1273 1007 BCNSPRNW ULIB Ver.6.0+V

เปลี่ยนเป็นภาษาไทย

Change to English
 แสดงรายละเอียดบรรณานุกรม
  กลับหน้าหลัก

Brief Record : Get Marc (ISO 2709) : E-mail record : QR code < ปิดหน้าต่าง
LEADER : 00000nam 2200000uu 4500
001    13399109848
003     ULIB
008    110412s2552||||th 000 0 tha d
020    9786119006638
060  4 WT100^bส899ส 2552
100 0  เสนอ อินทรสุขศรี
245 00 สุขอนามัยผู้สูงอายุวัยกับการดำรงชีพอย่างมีความสุข^cเสนอ อินทรสุขศรี
246 0  หนังสือเพื่อสุขภาพของบุคคลที่เคารพรัก สุขอนามัยผู้สูงอายุวัยกับการดำรงชีพอย่างมีความสุข
250    พิมพ์ครั้งที่ 6
260    กรุงเทพฯ:^bพิมพ์ทอง,^c2552
300    424 หน้า:^bภาพประกอบ.
650  7 โรค^xผู้สูงอายุ
945    ^p299^l0^i026843
945    ^p299^l0^i026842
945    ^p299^l0^i026841
995    เกษร
999 ^a ใช้งานได้ทุกระบบ
รายการนี้ยังไม่มีแท็ก
คุณยังไม่ได้ล็อกอิน คุณสามารถมีกิจกรรมร่วมกับเว็บไซต์ได้ แต่ต้องล็อกอินก่อน ::
  ล็อกอิน

รายการสื่อสารสนเทศ

ลำดับที่ ประเภท เลขเรียก/บาร์โค้ด สถานที่ สถานะ
- ไม่พบข้อมูล -

BibComment


ยังไม่เคยถูกคอมเมนท์

คอมเมนท์ทรัพยากรรายการนี้
  คอมเมนท์: สุขอนามัยผู้สูงอา..


 Copyright 2026. Bcnsprnw @Library